[Event "OLOA 1920 SG Leipzig I - SV Rochade Mag"]
[Site "?"]
[Date "2020.01.19"]
[Round "7.6"]
[White "Rausch, Stephan"]
[Black "Kuna, Ralf-Michael"]
[Result "1-0"]
[WhiteElo "2262"]
[BlackElo "2125"]
[PlyCount "119"]
[EventDate "2020.??.??"]
[EventType "team-tourn"]

{[%evp 0,116,32,32,32,34,41,23,62,31,98,40,63,49,76,53,81,33,132,115,115,97,99,
88,206,206,181,67,58,54,57,50,55,58,66,63,81,72,78,70,102,79,99,105,141,132,
125,178,161,137,183,114,132,110,109,102,120,110,130,86,97,59,75,68,75,74,75,71,
74,52,61,74,68,68,68,67,68,86,86,86,110,75,86,78,121,68,107,74,98,83,101,96,94,
77,91,85,82,90,90,90,90,98,88,104,100,112,111,110,118,105,119,140,140,108,99,
121,124,106,136]} 1. d4 Nf6 2. Nf3 e6 3. Bg5 c5 4. e3 b6 5. c3 Bb7 6. Nbd2 Be7
7. Bd3 d5 8. Ne5 Nc6 9. Qa4 Qc7 10. Bb5 Rc8 11. Qxa7 O-O 12. Bxc6 Bxc6 13. Qxc7
Rxc7 14. Nxc6 Rxc6 15. Nf3 Ra8 16. a3 h6 17. Bxf6 gxf6 18. Ke2 c4 19. Nd2 f5
20. Rag1 Kh7 21. h3 Kg6 22. g4 Rcc8 23. gxf5+ Kxf5 24. Rg3 Kf6 25. Rhg1 Bf8 26.
Nf3 Bd6 27. Rg4 Ra5 28. Kd2 Rh8 29. Rg8 Ra8 30. Rxh8 Rxh8 31. Nh4 Ra8 32. f4
Rh8 33. Ke2 Ra8 34. Kf3 Ra5 35. Rg2 Rb5 36. Rc2 Ra5 37. Rg2 Rb5 38. Kg4 Rb3 39.
Rc2 Rb5 40. Nf3 Ra5 41. Ne5 Bxe5 42. dxe5+ Ke7 43. f5 f6 44. exf6+ Kxf6 45.
fxe6 Kxe6 46. Kf4 Ra7 47. e4 Rf7+ 48. Ke3 Ke5 49. exd5 Kxd5 50. Rd2+ Kc5 51.
Rd4 Rf5 52. Rh4 Rf6 53. Rh5+ Kc6 54. a4 Rd6 55. Ke4 Kb7 56. a5 bxa5 57. Rxa5
Kb6 58. Rd5 Rc6 59. Kd4 Ka7 60. Rc5 1-0

[Event "OLOA 1920 SG Leipzig I - SV Rochade Mag"]
[Site "?"]
[Date "2020.01.19"]
[Round "7.7"]
[White "Hoffmann, Uwe"]
[Black "Liedtke, Matthias"]
[Result "0-1"]
[WhiteElo "2129"]
[BlackElo "2226"]
[PlyCount "108"]
[EventDate "2020.??.??"]
[EventType "team-tourn"]

{[%evp 0,108,32,32,34,-24,53,59,59,36,47,36,32,38,72,52,30,10,37,37,40,6,66,20,
10,-3,-13,-42,-20,-57,-64,-81,-78,-65,-69,-77,-40,-57,-43,-57,-41,-74,-61,-73,
-71,-76,-76,-110,-86,-108,-127,-93,-47,-107,-59,-71,-56,-105,-81,-100,-59,-59,
-77,-145,-192,-106,-106,-96,-96,-133,-123,-147,-143,-143,-112,-173,-185,-185,
-197,-294,-294,-291,-69,-35,-35,-23,-17,30,30,-86,5,-93,-133,-133,-144,-144,
-153,-163,-158,-158,-170,-211,-213,-190,-228,-311,-311,-601,-600,-600,-623]} 1.
d4 Nf6 2. c4 g6 3. Nc3 Bg7 4. e4 d6 5. Nf3 O-O 6. Be2 Nbd7 7. Bg5 h6 8. Be3 e5
9. dxe5 dxe5 10. h3 Qe7 11. Nd2 c6 12. Rb1 Rd8 13. Qc2 Nc5 14. O-O Ne6 15. Rfd1
Nd4 16. Qc1 Be6 17. Bf1 Kh7 18. b4 Nh5 19. Nb3 b6 20. Ne2 Nxb3 21. axb3 Qxb4
22. Bd2 Qe7 23. Re1 Qh4 24. g4 Nf6 25. Ng3 Rd7 26. Bc3 Ne8 27. Ra1 Rad8 28. Qb2
Qg5 29. Ra2 h5 30. gxh5 gxh5 31. Kh2 h4 32. Nf5 Bxf5 33. exf5 Rd1 34. Qc2 Qf4+
35. Kh1 Rxe1 36. Bxe1 e4 37. Bg2 Be5 38. Kg1 Nd6 39. Rxa7 Rg8 40. Kf1 Kh8 41.
Qd2 Qxf5 42. Qh6+ Qh7 43. Qxh7+ Kxh7 44. f3 e3 45. Ra2 Bf4 46. Bxh4 Nf5 47. Be1
Nd4 48. Kg1 Nxb3 49. Ra7 Kg6 50. Re7 Nd4 51. Re4 c5 52. Bc3 f5 53. Rxd4 cxd4
54. Bxd4 Rd8 0-1

[Event "OLOA 1920 SG Leipzig I - SV Rochade Mag"]
[Site "?"]
[Date "2020.01.19"]
[Round "7.8"]
[White "Hentze, Markus"]
[Black "Weitz, Andreas"]
[Result "1/2-1/2"]
[WhiteElo "2136"]
[BlackElo "1898"]
[PlyCount "82"]
[EventDate "2020.??.??"]
[EventType "team-tourn"]

{[%evp 0,82,26,34,79,54,54,63,97,36,42,16,30,25,20,20,40,40,32,32,61,14,129,46,
75,54,82,72,75,69,89,90,111,31,131,81,110,56,23,-8,1,-1,-1,-3,-3,-2,28,18,41,
31,28,18,19,40,112,-13,-8,-39,-34,-41,-3,-3,5,-9,77,-17,28,-13,-5,7,30,7,3,1,
23,9,20,-20,12,-19,17,-8,0,-30,-5]} 1. e4 c6 2. d4 d5 3. exd5 cxd5 4. c4 e6 5.
Nc3 Nf6 6. Nf3 Be7 7. Bd3 O-O 8. O-O dxc4 9. Bxc4 Nc6 10. Bg5 Nb4 11. Ne5 Nbd5
12. Rc1 Nxc3 13. bxc3 Nd5 14. Bxe7 Nxe7 15. Qf3 Rb8 16. Bd3 Nd5 17. Rfd1 Qg5
18. a4 f6 19. Ng4 Bd7 20. Bb5 Bc6 21. Bxc6 bxc6 22. c4 Nb4 23. Ne3 Rbd8 24. Qe4
Rfe8 25. Rb1 Qa5 26. c5 Nd5 27. Qf3 Qa6 28. Nf1 Rd7 29. Ng3 f5 30. Qb3 Qa5 31.
Re1 Kf7 32. Re5 Rde7 33. Ne2 g6 34. h4 h5 35. f3 Qd2 36. Rd1 Qh6 37. Kf2 Rg8
38. Re1 Qd2 39. Rd1 Qh6 40. Re1 Qd2 41. Rd1 Qh6 1/2-1/2

[Event "OLOA 1920 SG 1871 Löberitz - SG G-W Dr"]
[Site "?"]
[Date "2020.02.29"]
[Round "8.1"]
[White "Rudolf, Sebastian"]
[Black "Pallas, Sebastian"]
[Result "1/2-1/2"]
[WhiteElo "2305"]
[BlackElo "2313"]
[PlyCount "84"]
[EventDate "2020.??.??"]
[EventType "team-tourn"]

{[%evp 0,46,20,23,46,46,73,65,65,69,67,-8,-10,-22,30,4,3,3,6,-21,-14,-33,-22,
-21,-25,-16,-20,-38,-34,-34,0,-53,-41,-74,-73,-104,-104,-112,-99,-115,-57,-52,
-55,-46,3,-29,112,0,0]} 1. e4 c5 2. Nf3 d6 3. Bb5+ Nd7 4. O-O a6 5. Bd3 Ngf6 6.
Re1 Qc7 7. c3 b5 8. Bc2 Bb7 9. b3 Rc8 10. d3 g6 11. Bb2 Bg7 12. Nbd2 O-O 13.
Rc1 Nh5 14. d4 e5 15. Bb1 Bh6 16. Rc2 Nf4 17. Nf1 f5 18. Ng3 fxe4 19. Nxe4 d5
20. Nxc5 Nxc5 21. dxc5 Rce8 22. Bc1 Nxg2 23. Kxg2 d4 24. c6 Qxc6 25. cxd4 Qxf3+
26. Qxf3 Bxf3+ 27. Kf1 Bxc1 28. Rcxc1 exd4 29. Rxe8 Rxe8 30. Bd3 Re5 31. Rc7
Rh5 32. Be2 Bxe2+ 33. Kxe2 Rxh2 34. Rd7 Rh5 35. Rxd4 Rc5 36. Kd2 Kg7 37. Rd7+
Kh6 38. Ra7 Rc6 39. f4 Rf6 40. Ke3 Re6+ 41. Kf3 Rc6 42. Kg4 Rd6 1/2-1/2

[Event "OLOA 1920 SG 1871 Löberitz - SG G-W Dr"]
[Site "?"]
[Date "2020.02.29"]
[Round "8.2"]
[White "Niegsch, Nicolas"]
[Black "Genkin, Michael"]
[Result "1-0"]
[WhiteElo "2286"]
[BlackElo "2273"]
[PlyCount "79"]
[EventDate "2020.??.??"]
[EventType "team-tourn"]

1. d4 Nf6 2. c4 g6 3. Nc3 Bg7 4. e4 d6 5. Nf3 O-O 6. Be2 e5 7. d5 Nbd7 8. Bg5
h6 9. Bh4 a5 10. Nd2 c6 11. g4 Nc5 12. h3 Qb6 13. Qc2 Re8 14. Rb1 a4 15. O-O
Qb4 16. Kh2 a3 17. b3 Bd7 18. Rg1 Kh8 19. Nf1 g5 20. Bg3 cxd5 21. exd5 Ra6 22.
f3 e4 23. Nxe4 Nfxe4 24. fxe4 Nxe4 25. Be1 Bc3 26. Ng3 Bxe1 27. Nxe4 Bd2 28.
Nxd2 Rxe2+ 29. Rg2 Rxg2+ 30. Kxg2 f5 31. Rf1 Ra8 32. gxf5 Re8 33. Qd3 Re5 34.
f6 Bf5 35. f7 Bxd3 36. f8=Q+ Kh7 37. Rf7+ Kg6 38. Rg7+ Kh5 39. Qf3+ Kh4 40.
Qg4# 1-0

[Event "OLOA 1920 SG 1871 Löberitz - SG G-W Dr"]
[Site "?"]
[Date "2020.02.29"]
[Round "8.3"]
[White "Zimmermann, Rene"]
[Black "Reizniece-Ozola, Dana"]
[Result "1/2-1/2"]
[WhiteElo "2200"]
[BlackElo "2314"]
[PlyCount "148"]
[EventDate "2020.??.??"]
[EventType "team-tourn"]

{[%evp 0,32,20,24,27,-10,35,35,35,40,37,37,24,37,46,15,18,19,47,3,7,13,13,-16,
3,15,3,-23,-23,-11,-17,-10,17,15,29]} 1. d4 Nf6 2. c4 g6 3. Nc3 Bg7 4. e4 d6 5.
h3 O-O 6. Nf3 e5 7. d5 a5 8. Bg5 Na6 9. a3 Bd7 10. Nd2 Qe8 11. g4 a4 12. Qf3
Qe7 13. Rg1 h6 14. Be3 Nh7 15. Be2 Kh8 16. O-O-O Nc5 17. h4 f5 18. gxf5 gxf5
19. exf5 Bxf5 20. Qh5 Nd3+ 21. Bxd3 Bxd3 22. Bxh6 Bxh6 23. Qxh6 Rf4 24. h5 Qf6
25. Qxf6+ Nxf6 26. Rg3 Bxc4 27. Nxc4 Rxc4 28. Rdg1 Rg8 29. Rxg8+ Nxg8 30. Kd2
Nf6 31. h6 Kh7 32. f4 exf4 33. Kd3 Rc5 34. Rg5 Kxh6 35. Rf5 Kg6 36. Rxf4 Nxd5
37. Rxa4 Nxc3 38. bxc3 Kf6 39. Re4 Re5 40. Rc4 Rd5+ 41. Kc2 Rc5 42. Re4 d5 43.
Rb4 b6 44. Kd3 Ke5 45. Rh4 Rc6 46. Rg4 Rf6 47. Rg7 Kd6 48. Kc2 c5 49. Kb3 c4+
50. Kb4 Rf1 51. Rg6+ Kc7 52. Rg7+ Kc6 53. Rg6+ Kc7 54. Rg7+ Kd6 55. Rg6+ Ke5
56. Ka4 Rc1 57. Rg3 Kd6 58. Kb5 Rb1+ 59. Ka6 Rb3 60. a4 Kc5 61. Kb7 Ra3 62. Rh3
b5 63. a5 Rxa5 64. Rh6 d4 65. Rh5+ Kd6 66. Kb6 Ra8 67. Kxb5 dxc3 68. Kb4 c2 69.
Rh1 Rb8+ 70. Kc3 Rb1 71. Rh6+ Kc5 72. Rh5+ Kb6 73. Kxc2 Rb3 74. Rg5 Rh3 1/2-1/2

[Event "OLOA 1920 SG 1871 Löberitz - SG G-W Dr"]
[Site "?"]
[Date "2020.02.29"]
[Round "8.4"]
[White "Schuetze, Norman"]
[Black "Gehmlich, Marcel"]
[Result "1-0"]
[WhiteElo "2296"]
[BlackElo "2197"]
[PlyCount "87"]
[EventDate "2020.??.??"]
[EventType "team-tourn"]

1. e4 c5 2. Nf3 e6 3. d4 cxd4 4. Nxd4 a6 5. Bd3 Qc7 6. Qe2 Bd6 7. Nd2 Ne7 8.
Nc4 Bc5 9. Nb3 b5 10. Ne3 Bd6 11. a4 bxa4 12. Rxa4 Ng6 13. Nc4 Bf4 14. Be3 Bxe3
15. Qxe3 Nf4 16. O-O Nxd3 17. Qxd3 O-O 18. Qd6 Qxd6 19. Nxd6 Nc6 20. Na5 Nxa5
21. Rxa5 Rb8 22. b3 Rb6 23. Rd1 Rc6 24. c4 Rb6 25. Rd3 h6 26. f3 Bb7 27. Nxb7
Rxb7 28. Rxa6 Rfb8 29. Ra3 Kf8 30. Kf2 Ke7 31. Ke3 f6 32. Kd2 g5 33. Kc3 h5 34.
Rd2 h4 35. h3 d6 36. Rb2 Rc7 37. Rba2 d5 38. exd5 exd5 39. Ra7 Rxa7 40. Rxa7+
Kd6 41. Ra6+ Ke7 42. c5 d4+ 43. Kc4 d3 44. Ra2 1-0

[Event "OLOA 1920 SG 1871 Löberitz - SG G-W Dr"]
[Site "?"]
[Date "2020.02.29"]
[Round "8.5"]
[White "Schnoor, Ekkehard"]
[Black "Mertens, Fridolin"]
[Result "1/2-1/2"]
[WhiteElo "2107"]
[BlackElo "2142"]
[PlyCount "94"]
[EventDate "2020.??.??"]
[EventType "team-tourn"]

{[%evp 0,31,24,15,20,-9,5,19,25,23,22,14,-1,-18,7,-39,3,-20,-28,-40,-27,-22,21,
-20,-20,-20,7,4,25,1,-6,-7,19,0]} 1. Nf3 Nf6 2. g3 g6 3. Bg2 Bg7 4. O-O O-O 5.
d3 d5 6. Nbd2 c5 7. e4 Nc6 8. Re1 dxe4 9. dxe4 e5 10. c3 h6 11. Qe2 Be6 12. a4
Nd7 13. Nc4 Nb6 14. Nfd2 Nxc4 15. Nxc4 Na5 16. Nxa5 Qxa5 17. Qb5 Qc7 18. Be3
Rfc8 19. Qf1 Rd8 20. Bh3 Bb3 21. f3 c4 22. a5 Rd6 23. Qf2 Ra6 24. Qd2 Rd8 25.
Qf2 Bf8 26. Kh1 Rxa5 27. Rxa5 Qxa5 28. Bxa7 Ra8 29. Bb6 Qb5 30. Be3 Ra2 31. Re2
Ra1+ 32. Kg2 Rb1 33. Re1 Ba2 34. Rxb1 Bxb1 35. Qd2 Bd3 36. Kf2 Bc5 37. Bxc5
Qxc5+ 38. Qe3 Qb5 39. Qd2 Qb6+ 40. Kg2 Kg7 41. b4 cxb3 42. Qxd3 Qa5 43. Be6
fxe6 44. Qd7+ Kf6 45. Qe8 Qc7 46. Qf8+ Qf7 47. Qb4 Qd7 1/2-1/2

[Event "OLOA 1920 SG 1871 Löberitz - SG G-W Dr"]
[Site "?"]
[Date "2020.02.29"]
[Round "8.6"]
[White "Otikova, Elina"]
[Black "Nake, Matthias"]
[Result "1-0"]
[WhiteElo "2090"]
[BlackElo "2182"]
[PlyCount "67"]
[EventDate "2020.??.??"]
[EventType "team-tourn"]

1. e4 Nf6 2. e5 Nd5 3. d4 d6 4. Bc4 Nb6 5. Bb3 dxe5 6. Qh5 e6 7. dxe5 Nc6 8.
Nf3 a5 9. a4 Nd4 10. Nxd4 Qxd4 11. O-O g6 12. Qg5 Bg7 13. Re1 Nd7 14. Nc3 c6
15. Bf4 h6 16. Qg3 g5 17. Re4 Qb6 18. h4 Nc5 19. Re2 Bd7 20. Be3 O-O-O 21. Rd1
Rdg8 22. h5 Rd8 23. Red2 Rhe8 24. Bxc5 Qxc5 25. Ne4 Qe7 26. Nd6+ Kc7 27. Nxe8+
Qxe8 28. c3 Qe7 29. Rd6 g4 30. Qe3 f5 31. Qa7 f4 32. Qxa5+ Kc8 33. Bxe6 g3 34.
Qa8+ 1-0

[Event "OLOA 1920 SG 1871 Löberitz - SG G-W Dr"]
[Site "?"]
[Date "2020.02.29"]
[Round "8.7"]
[White "Hutsch, Oliver"]
[Black "Schindler, Christian"]
[Result "1-0"]
[WhiteElo "2143"]
[BlackElo "2186"]
[PlyCount "61"]
[EventDate "2020.??.??"]
[EventType "team-tourn"]

{[%evp 0,44,24,24,80,58,73,78,68,67,75,68,56,59,59,55,48,56,58,72,68,56,78,73,
106,80,87,46,49,44,44,28,18,27,27,34,32,25,95,48,48,40,62,48,97,97,45]} 1. d4
c5 2. d5 Nf6 3. Nc3 d6 4. e4 g6 5. Be2 Bg7 6. Nf3 O-O 7. O-O a6 8. a4 b6 9. h3
Nbd7 10. Bf4 Ne8 11. Qd2 Nc7 12. Rfe1 Rb8 13. Bf1 b5 14. axb5 axb5 15. e5 b4
16. exd6 bxc3 17. dxc7 cxd2 18. cxd8=Q Rxd8 19. Nxd2 Rxb2 20. Ra8 Nb6 21. Bc7
Re8 22. Bxb6 Rxb6 23. Nc4 Ra6 24. Rb8 Bc3 25. Reb1 Ra7 26. Nb6 Rc7 27. d6 exd6
28. Nd5 Ba5 29. Ra1 Rb7 30. Rxb7 Bxb7 31. Nf6+ 1-0

[Event "OLOA 1920 SG 1871 Löberitz - SG G-W Dr"]
[Site "?"]
[Date "2020.02.29"]
[Round "8.8"]
[White "Schaefer, Reyk"]
[Black "Kunze, Christopher"]
[Result "1/2-1/2"]
[WhiteElo "2113"]
[BlackElo "2121"]
[PlyCount "106"]
[EventDate "2020.??.??"]
[EventType "team-tourn"]

1. d4 Nf6 2. c4 g6 3. Nc3 Bg7 4. Nf3 O-O 5. g3 d6 6. Bg2 c6 7. O-O Qc7 8. e4 e5
9. h3 Nbd7 10. Be3 Re8 11. Qc2 Nf8 12. Rad1 b6 13. c5 dxc5 14. dxc5 b5 15. b4
a5 16. a3 Be6 17. Rd6 N8d7 18. Re1 h6 19. Bf1 axb4 20. axb4 Ra3 21. Bc1 Ra1 22.
Rdd1 Nh7 23. Nd2 Raa8 24. Bb2 Red8 25. Ra1 h5 26. Nb3 Ng5 27. Red1 Nxh3+ 28.
Bxh3 Bxh3 29. Na5 Bf8 30. Ne2 Re8 31. Bc3 Nf6 32. Kh2 Bg4 33. Rd2 Nh7 34. Ng1
Ng5 35. Kg2 Rad8 36. f3 Be6 37. Rad1 Rxd2+ 38. Qxd2 f6 39. Qc2 Nf7 40. Ne2 Be7
41. f4 Bg4 42. Rd3 Bd8 43. fxe5 fxe5 44. Ng1 Qc8 45. Nf3 Qe6 46. Qd2 Qf6 47.
Nxe5 Nxe5 48. Bxe5 Qxe5 49. Rxd8 Qxe4+ 50. Kh2 Kh7 51. Rxe8 Qxe8 52. Qf4 Qd7
53. Nxc6 Qxc6 1/2-1/2

[Event "OLOA 1920 SG Leipzig II - FVS ASP Hoyer"]
[Site "?"]
[Date "2020.02.29"]
[Round "8.1"]
[White "Bures, Jaroslav"]
[Black "Schubert, Thomas"]
[Result "1/2-1/2"]
[WhiteElo "2388"]
[BlackElo "2317"]
[PlyCount "84"]
[EventDate "2020.??.??"]
[EventType "team-tourn"]

{[%evp 0,38,24,23,68,80,68,67,86,47,47,16,120,76,76,63,134,94,138,113,88,110,
91,113,156,168,166,174,172,169,168,168,168,208,189,114,89,110,82,60,66]} 1. e4
c6 2. d4 d5 3. e5 c5 4. dxc5 e6 5. a3 a5 6. Nc3 Nc6 7. Na4 Qh4 8. Bb5 Bd7 9.
Nf3 Qe4+ 10. Be3 Nxe5 11. Nb6 Rd8 12. Nxd7 Nxd7 13. O-O Ngf6 14. Re1 Qg4 15.
Ne5 Qxd1 16. Raxd1 Be7 17. Bg5 Kf8 18. Nxd7+ Nxd7 19. Bxe7+ Kxe7 20. Rxd5 Nf6
21. Rg5 g6 22. Kf1 Rd4 23. f3 Rc8 24. Rge5 Rd5 25. b4 Rxe5 26. Rxe5 axb4 27.
axb4 Nd5 28. c3 Nxc3 29. Bc4 Rd8 30. Re3 Rd1+ 31. Kf2 Rc1 32. Kg3 Nd1 33. Re4
Rc3 34. Bd5 Ne3 35. Bxb7 f5 36. Rh4 h5 37. Kf2 e5 38. b5 f4 39. Be4 Rxc5 40.
Bxg6 Rxb5 41. Rxh5 Rb2+ 42. Ke1 Nxg2+ 1/2-1/2

[Event "OLOA 1920 SG Leipzig II - FVS ASP Hoyer"]
[Site "?"]
[Date "2020.02.29"]
[Round "8.2"]
[White "Boehnisch, Manfred"]
[Black "Orsag, Milan"]
[Result "0-1"]
[WhiteElo "2246"]
[BlackElo "2290"]
[PlyCount "92"]
[EventDate "2020.??.??"]
[EventType "team-tourn"]

1. e4 c5 2. Nf3 e6 3. c3 Nf6 4. e5 Nd5 5. d4 cxd4 6. cxd4 b6 7. Bc4 Ba6 8. b3
Qc8 9. Nbd2 Nf4 10. Ne4 Qc6 11. Bxf4 Qxe4+ 12. Be3 Bb4+ 13. Ke2 O-O 14. Bxa6
Nxa6 15. Qd3 Qxd3+ 16. Kxd3 Rac8 17. a3 Be7 18. Rhc1 Nc7 19. Bd2 Nd5 20. Rxc8
Rxc8 21. Rc1 Rd8 22. a4 f6 23. Ke4 d6 24. Rc6 Kf7 25. exd6 Bxd6 26. g3 Ke7 27.
Ne1 g5 28. Nd3 g4 29. Ne1 h5 30. Ng2 Kd7 31. Rc4 a6 32. f4 b5 33. axb5 axb5 34.
Rc2 Ra8 35. f5 Ra3 36. Rb2 Ra1 37. Ne3 Nxe3 38. Bxe3 Re1 39. Rf2 e5 40. Kd3 Kc6
41. Ra2 Kd5 42. dxe5 fxe5 43. Bg5 Bb4 44. Re2 e4+ 45. Ke3 Rf1 46. Ra2 Bc5+ 0-1

[Event "OLOA 1920 SG Leipzig II - FVS ASP Hoyer"]
[Site "?"]
[Date "2020.02.29"]
[Round "8.3"]
[White "Spivak, Ilya"]
[Black "Schunk, Thomas"]
[Result "1-0"]
[WhiteElo "2305"]
[BlackElo "2152"]
[PlyCount "97"]
[EventDate "2020.??.??"]
[EventType "team-tourn"]

{[%evp 0,32,24,23,46,51,60,40,45,22,22,31,83,80,70,44,51,40,37,29,28,36,34,9,
16,18,12,32,30,-5,-6,-9,76,36,36]} 1. e4 c5 2. Nf3 e6 3. d4 cxd4 4. Nxd4 Nf6 5.
Nc3 d6 6. Be3 a6 7. Qd2 Be7 8. f3 O-O 9. g4 Nc6 10. O-O-O Nxd4 11. Bxd4 b5 12.
g5 Nd7 13. h4 b4 14. Na4 Qa5 15. b3 Nc5 16. a3 Qc7 17. Qxb4 Nxa4 18. Qxa4 d5
19. exd5 exd5 20. Bb2 Bc5 21. h5 Bd7 22. Qh4 Rfc8 23. Bd3 Bb5 24. Bf5 Bd7 25.
Qg4 Be3+ 26. Kb1 Bxf5 27. Qxf5 d4 28. Bxd4 Bxd4 29. Rxd4 Rd8 30. Rhd1 Rxd4 31.
Rxd4 Rf8 32. h6 Qe7 33. Kb2 Rd8 34. Rxd8+ Qxd8 35. Qe5 gxh6 36. gxh6 f6 37.
Qg3+ Kf7 38. Qg7+ Ke6 39. Qxh7 Qd4+ 40. Ka2 Qf2 41. Qe4+ Kf7 42. Qb7+ Kg6 43.
Qg7+ Kf5 44. Qg4+ Ke5 45. Qe4+ Kd6 46. h7 Qh2 47. Kb2 a5 48. f4 Qh4 49. Qg6 1-0

[Event "OLOA 1920 SG Leipzig II - FVS ASP Hoyer"]
[Site "?"]
[Date "2020.02.29"]
[Round "8.4"]
[White "Fasshauer, Jacob"]
[Black "Jahnel, Guenther"]
[Result "1/2-1/2"]
[WhiteElo "2119"]
[BlackElo "2186"]
[PlyCount "89"]
[EventDate "2020.??.??"]
[EventType "team-tourn"]

1. e4 d6 2. d4 Nf6 3. Bd3 e5 4. c3 g6 5. Nf3 Nbd7 6. O-O Bg7 7. Re1 O-O 8. Nbd2
Re8 9. Nf1 Nf8 10. h3 Nh5 11. Bc2 Bd7 12. a4 a5 13. Be3 Ne6 14. Qd2 Qe7 15. Ng3
Nef4 16. Nxh5 Nxh5 17. Rad1 Red8 18. Qe2 h6 19. Rd2 Bc6 20. dxe5 dxe5 21. Red1
Rxd2 22. Rxd2 Qe6 23. Qd1 Qf6 24. b4 axb4 25. cxb4 Nf4 26. b5 Be8 27. Kh2 Bf8
28. g3 Ne6 29. Kg2 c6 30. Bd3 c5 31. Bc4 Nd4 32. Bxd4 cxd4 33. Bd5 Ra7 34. Qb3
b6 35. Ne1 Rc7 36. Rc2 Qd8 37. Nd3 Bd6 38. Rc4 Kf8 39. Qc2 f5 40. f4 fxe4 41.
Bxe4 exf4 42. Rxc7 Qxc7 43. Qf2 Qc4 44. Nxf4 Bxf4 45. Qxf4+ 1/2-1/2

[Event "OLOA 1920 SG Leipzig II - FVS ASP Hoyer"]
[Site "?"]
[Date "2020.02.29"]
[Round "8.5"]
[White "Kesik, Klaus-Dieter"]
[Black "Roemling, Sven"]
[Result "0-1"]
[WhiteElo "2217"]
[BlackElo "2181"]
[PlyCount "70"]
[EventDate "2020.??.??"]
[EventType "team-tourn"]

{[%evp 0,34,24,24,27,-10,35,40,37,37,50,31,14,13,28,2,-4,-13,-22,30,70,75,91,
97,97,55,51,44,39,24,18,39,39,-9,36,5,-47]} 1. d4 Nf6 2. c4 g6 3. Nc3 Bg7 4. e4
O-O 5. Bg5 d6 6. Qd2 Nbd7 7. Bd3 c5 8. d5 Ne5 9. Be2 b5 10. cxb5 a6 11. f4 Ned7
12. bxa6 Bxa6 13. Nf3 h6 14. Bh4 Bxe2 15. Qxe2 Nh5 16. Qd2 Nb6 17. g4 Nc4 18.
Qe2 Nxb2 19. Qxb2 Nxf4 20. Qd2 g5 21. Bg3 Ra3 22. Rc1 Qa5 23. e5 dxe5 24. O-O
Rxc3 25. Rxc3 Qxc3 26. Qxc3 Ne2+ 27. Kh1 Nxc3 28. Rc1 e4 29. Ng1 Bd4 30. Rc2
Ra8 31. Ne2 Rxa2 32. Rxc3 Rxe2 33. Rc1 e3 34. Kg1 Ra2 35. Kf1 Kh7 0-1

[Event "OLOA 1920 SG Leipzig II - FVS ASP Hoyer"]
[Site "?"]
[Date "2020.02.29"]
[Round "8.6"]
[White "Limpert, Michael"]
[Black "Boehm, Robert"]
[Result "1-0"]
[WhiteElo "2128"]
[BlackElo "2161"]
[PlyCount "83"]
[EventDate "2020.??.??"]
[EventType "team-tourn"]

1. e4 c5 2. Nf3 Nc6 3. Bb5 Nf6 4. Bxc6 dxc6 5. d3 Bg4 6. h3 Bxf3 7. Qxf3 g6 8.
Bd2 Bg7 9. Bc3 O-O 10. Nd2 Qd7 11. O-O-O Qe6 12. Kb1 Rad8 13. Qe3 b6 14. g4 Ne8
15. Bxg7 Kxg7 16. f4 f6 17. h4 Nd6 18. h5 Nf7 19. Nf3 Rh8 20. Rdg1 Rdg8 21. f5
Qd7 22. h6+ Kf8 23. d4 c4 24. e5 Qd5 25. exf6 exf6 26. Re1 Qd7 27. Qa3+ Qd6 28.
Qxd6+ Nxd6 29. Re6 gxf5 30. Rhe1 Kf7 31. Rxd6 fxg4 32. Nh4 Rd8 33. Rxc6 Rhe8
34. Rc7+ Kf8 35. Rf1 Re6 36. Rxh7 Rxd4 37. Ng6+ Ke8 38. Rxa7 Rde4 39. Kc1 g3
40. h7 Re1+ 41. Rxe1 Rxe1+ 42. Kd2 1-0

[Event "OLOA 1920 SG Leipzig II - FVS ASP Hoyer"]
[Site "?"]
[Date "2020.02.29"]
[Round "8.7"]
[White "Grohmann, Alexander"]
[Black "Greger, Ubald"]
[Result "0-1"]
[WhiteElo "1975"]
[BlackElo "2114"]
[PlyCount "48"]
[EventDate "2020.??.??"]
[EventType "team-tourn"]

{[%evp 0,25,24,23,75,82,69,-8,25,24,34,19,25,13,18,22,8,17,22,-13,-36,-27,-33,
-70,-87,-84,-83,-75]} 1. e4 d6 2. Nc3 e5 3. f4 Nf6 4. Bc4 Be7 5. Nf3 O-O 6. Bb3
Nbd7 7. O-O c6 8. d3 Nc5 9. Qe1 a5 10. fxe5 dxe5 11. Ng5 a4 12. Nxf7 Rxf7 13.
Bxf7+ Kxf7 14. Kh1 Kg8 15. Be3 Ne6 16. Ne2 Ng4 17. Bg1 Bh4 18. Qd2 Qd6 19. h3
Nf6 20. Bf2 Bxf2 21. Rxf2 Nxe4 22. Qe3 Nxf2+ 23. Qxf2 Bd7 24. Ng3 Rf8 0-1

[Event "OLOA 1920 SG Leipzig II - FVS ASP Hoyer"]
[Site "?"]
[Date "2020.02.29"]
[Round "8.8"]
[White "Haufe, Laurin"]
[Black "Heyme, Sibylle"]
[Result "1-0"]
[WhiteElo "2026"]
[BlackElo "2041"]
[PlyCount "65"]
[EventDate "2020.??.??"]
[EventType "team-tourn"]

1. e4 d6 2. d4 Nf6 3. Nc3 g6 4. f4 Bg7 5. Nf3 c5 6. dxc5 Qa5 7. Bd3 Qxc5 8. Qe2
O-O 9. Be3 Qa5 10. O-O Nc6 11. Kh1 a6 12. Rad1 b5 13. Nd5 Nxd5 14. exd5 Nd8 15.
Bd4 Bxd4 16. Nxd4 Ra7 17. a3 Rc7 18. f5 b4 19. fxg6 hxg6 20. Qf3 e5 21. Nb3 Qb6
22. Bxg6 f6 23. Qe4 bxa3 24. bxa3 Rg7 25. Rd3 Nb7 26. Rg3 Qd8 27. Bh7+ Kh8 28.
Rxg7 Kxg7 29. Qg6+ Kh8 30. Qh6 Qe7 31. Bf5+ Kg8 32. Bxc8 Rxc8 33. Rxf6 1-0

[Event "OLOA 1920 SV Sangerhausen - Nickelhütt"]
[Site "?"]
[Date "2020.02.29"]
[Round "8.2"]
[White "Heyder, Florian"]
[Black "Cerveny, Martin"]
[Result "0-1"]
[WhiteElo "2225"]
[BlackElo "2375"]
[PlyCount "82"]
[EventDate "2020.??.??"]
[EventType "team-tourn"]

{[%evp 0,41,24,23,51,51,101,62,79,37,54,38,72,-4,25,37,28,-19,9,0,3,-17,-3,6,
45,52,48,27,40,27,27,34,72,49,24,19,42,42,56,47,61,-4,35,34]} 1. e4 c5 2. Nf3
d6 3. d4 cxd4 4. Nxd4 Nf6 5. Nc3 a6 6. f4 e5 7. Nf3 Nbd7 8. a4 Be7 9. Bc4 O-O
10. Qe2 exf4 11. Bxf4 Nc5 12. O-O Bg4 13. Kh1 Rc8 14. Rae1 Ne6 15. Be3 Nd7 16.
Bd5 Qc7 17. Qf2 Bxf3 18. Qxf3 Bf6 19. Qh3 Rce8 20. Bc1 Kh8 21. Rf5 g6 22. Rf2
Bd4 23. Rff1 Bg7 24. Bh6 Qc5 25. Bxb7 Qb6 26. Bd5 Qxb2 27. Bxg7+ Kxg7 28. Bb3
Rc8 29. Re3 Ndc5 30. Rb1 Qa3 31. Nd5 Nxb3 32. Rexb3 Qxa4 33. Qh4 Qd4 34. Rh3 h5
35. c3 Qe5 36. Rf3 Ng5 37. Re3 Rc4 38. Qe1 Rxe4 39. Rxe4 Nxe4 40. c4 Qd4 41. h3
Re8 0-1

[Event "OLOA 1920 SV Sangerhausen - Nickelhütt"]
[Site "?"]
[Date "2020.02.29"]
[Round "8.3"]
[White "Jurasek, Miroslav"]
[Black "Hillmann, Michael"]
[Result "1-0"]
[WhiteElo "2235"]
[BlackElo "2112"]
[PlyCount "61"]
[EventDate "2020.??.??"]
[EventType "team-tourn"]

1. e4 d6 2. d4 Nf6 3. Nc3 g6 4. Be3 c6 5. h3 Nbd7 6. Nf3 Qa5 7. Bd3 Bg7 8. Qd2
O-O 9. Bh6 e5 10. O-O-O b5 11. Kb1 b4 12. Ne2 exd4 13. Nfxd4 Qb6 14. g4 c5 15.
Nf5 Ne8 16. Nxg7 Nxg7 17. Nf4 Bb7 18. Nh5 Nxh5 19. Bxf8 Nhf6 20. Bh6 Bxe4 21.
Rhe1 Bd5 22. Qf4 Bxa2+ 23. Kxa2 Nd5 24. Qf3 Nc3+ 25. bxc3 Qa5+ 26. Kb1 Rb8 27.
Qb7 Qd8 28. Qa6 bxc3+ 29. Ka1 Rb6 30. Qa3 Rb4 31. Re4 1-0

[Event "OLOA 1920 SV Sangerhausen - Nickelhütt"]
[Site "?"]
[Date "2020.02.29"]
[Round "8.4"]
[White "Hellwig, Tobias"]
[Black "Heinz, Thomas"]
[Result "1/2-1/2"]
[WhiteElo "2214"]
[BlackElo "2183"]
[PlyCount "32"]
[EventDate "2020.??.??"]
[EventType "team-tourn"]

{[%evp 0,32,24,24,24,-10,25,6,31,23,79,55,72,37,43,38,53,34,59,52,52,42,54,36,
88,38,79,48,68,9,46,14,40,-4,61]} 1. d4 d5 2. c4 c6 3. Nc3 Nf6 4. Nf3 a6 5. e3
g6 6. Be2 Bg7 7. O-O O-O 8. b3 b5 9. Ne5 Bb7 10. Bb2 Nfd7 11. f4 f5 12. Rb1 Nf6
13. Qc2 Nbd7 14. Rfc1 Rc8 15. Qd1 Re8 16. Rc2 Qb6 1/2-1/2